Представление документа в формате RUSMARC

ПолеНазваниеЗначение
  Тип записи a
  Библиографический уровень a
001 Контрольный номер RU/CBS_UL/BASE/b8824a7756c14bd79a34543a80e6a96a
005 Дата корректировки 20240428183648.7
100 Данные общей обработки __
a Данные общей обработки 20240428 ||| 0rusy0189 ca
101 Язык документа 0_
a Язык текста rus
102 Страна публикации __
a Страна публикации RU
200 Заглавие и сведения об ответственности 1_
a Заглавие Мушки перед глазами. Откуда они?
e Сведения, относящиеся к заглавию [статья]
f Первые сведения об ответственности В. Кириллов
300 Общие примечания __
a Общие примечания 16+
461 Уровень набора _0
1 2000
a Будь здоров! 100 страниц о самом главном
463 Уровень физической единицы _0
1 2000
a № 4
v С. 22-29 : фото
1 2101
d 2024
1 001RU/CBS_UL/BASE/c68ca41e5fa149a2a44d2488e142838e
606 Тематические рубрики 0_
a Основная рубрика Невропатология
610 Ключевые слова 0_
a Ключевые слова синдром позвоночных артерий
610 Ключевые слова 0_
a Ключевые слова головокружения
610 Ключевые слова 0_
a Ключевые слова головные боли
610 Ключевые слова 0_
a Ключевые слова обмороки
610 Ключевые слова 0_
a Ключевые слова потемнение в глазах
686 Индексы других классификаций __
2 Код системы rubbk
a Классификационный индекс 56.12
700 Автор _1
a Фамилия Кириллов
b Имя (инициалы) В.
801 Источник записи _0
a Страна RU
b Организация МБУК ЦБС г. Ульяновска
c Дата составления 20240428
g Правила каталогизации RCR
801 Источник записи _1
a Страна RU
b Организация МБУК ЦБС г. Ульяновска
c Дата составления 20240428
g Правила каталогизации RCR
901 Тип документа __
t Тип документа b
w Контрольный № источника RU/CBS_UL/BASE/c68ca41e5fa149a2a44d2488e142838e
909 Создатель записи __
a Создатель записи lib17